LIBRARY & INFORMATION CENTRE, KCAET, TAVANUR

ONLINE PUBLIC ACCESS CATALOGUE (OPAC)

Little mermaid and other stories / (Record no. 4161)

MARC details
000 -LEADER
fixed length control field 00424cam a2200169ua 4500
041 ## - LANGUAGE CODE
Language code of text/sound track or separate title eng
082 ## - DEWEY DECIMAL CLASSIFICATION NUMBER
Classification number 823.301
Item number DOR/LI
100 ## - MAIN ENTRY--AUTHOR NAME
Personal name Doraiswami Naidu, .
245 ## - TITLE STATEMENT
Title Little mermaid and other stories /
260 ## - PUBLICATION, DISTRIBUTION, ETC. (IMPRINT)
Place of publication London :
Name of publisher Orient-Longman Ltd ,
Year of publication 1967.
300 ## - PHYSICAL DESCRIPTION
Number of Pages 73 ; .
942 ## - ADDED ENTRY ELEMENTS (KOHA)
Koha item type Books
Holdings
Withdrawn status Lost status Damaged status Home library Current library Date acquired Full call number Accession Number Koha item type
      KAUAET KAUAET 07/04/2012 823.301 12300 Books
free website counter